Violence in gay and lesbian domestic partnerships /

সংরক্ষণ করুন:
গ্রন্থ-পঞ্জীর বিবরন
প্রধান লেখক: Renzetti, Claire M. (লেখক), Miley, Charles Harvey (লেখক)
বিন্যাস: গ্রন্থ
ভাষা:ইংরেজি
প্রকাশিত: New York : Harrington Park, 1996
ট্যাগগুলো: ট্যাগ যুক্ত করুন
কোনো ট্যাগ নেই, প্রথমজন হিসাবে ট্যাগ করুন!

MARC

LEADER 00000nam a22000007i 4500
001 IT\ICCU\UBO\3553250
003 ItRI
005 20260115231833.0
008 090114s1996 xxu|||||| ||||| |||||c
020 |a 1560230746 
040 |b ita  |c importazione bologna sebina 
041 7 |a eng  |2 ISO-639-2 
100 1 |a Renzetti, Claire M.  |0 IT\ICCU\TO0V\093100  |4 aut 
245 1 0 |a Violence in gay and lesbian domestic partnerships /  |c Claire M. Renzetti, Charles Harvey Miley. 
260 |a New York :  |b Harrington Park,  |c 1996 
300 |a XIII, 121 p. ;  |c 21 cm. 
700 1 |a Miley, Charles Harvey  |0 IT\ICCU\UBOV\300107  |4 aut 
942 |2 ddc  |c BK  |n 0 
952 |0 0  |1 0  |4 0  |6 DOC_362_829000000000000_REN  |7 0  |9 13884  |a BO  |b BO  |d 2026-01-15  |i 14939  |l 0  |o DOC 362.829 REN  |p BO14939  |r 2026-01-15 23:18:33  |w 2026-01-15  |x [Sebina 5] [1 v.]  |y BK  |z 1 v. (2. copia) 
952 |0 0  |1 0  |4 0  |6 DOC_362_829000000000000_REN  |7 0  |9 13885  |a BO  |b BO  |d 2026-01-15  |i 3571  |l 0  |o DOC 362.829 REN  |p BO3571  |r 2026-01-15 23:18:33  |w 2026-01-15  |x [Sebina 5] [1 v.]  |y BK  |z 1 v. 
999 |c 11950  |d 11950